Arts et préhistoire : naissance mythique de l'humanité
| Auteur principal: | Jean-Pierre Mohen |
|---|---|
| Support: | Livres |
| Langue: | |
| Publié: |
2002 Ed. Pierre Terrail |
| Genre: |
Documentaire |
| Sujets: |
Art préhistorique
|
| Étiquettes: |
Ajouter
Pas de Tags !
|
| LEADER | 00552nam0a2200169 450 | ||
|---|---|---|---|
| 001 | 16785446 | ||
| 010 | |a 2879392322 |d 25 | ||
| 100 | |a 20021220d2002 u u0frey01 ba | ||
| 200 | 0 | |a Arts et préhistoire : naissance mythique de l'humanité |f Mohen Jean-Pierre | |
| 207 | 1 | |a | |
| 210 | |c Ed. Pierre Terrail |d 2002 | ||
| 610 | 0 | |a Art préhistorique | |
| 676 | |a 709 | ||
| 700 | 0 | |a Mohen |b Jean-Pierre |4 70 | |
| 900 | |a Documentaire | ||
| 901 | |a Accessible au prêt | ||
| 995 | |a Bibliothèque |c Bibliothèque |f 024001680 |h 024001680 |k 709.01 MOH |o p |q a |r az |e Bibliothèque | ||
